स्कूल-पुस्तकालय के विविध रूपः (सचित्र) / (Record no. 29619)

MARC details
000 -LEADER
fixed length control field 01680 aa a2200277 4500
005 - DATE AND TIME OF LATEST TRANSACTION
control field 20090826111844.0
008 - FIXED-LENGTH DATA ELEMENTS--GENERAL INFORMATION
fixed length control field 081126t xxu||||| |||| 00| 0 hin d
010 ## - LCCN (DPL NO)
LC control number B-356779
020 ## - INTERNATIONAL STANDARD BOOK NUMBER
International Standard Book Number 9788170437031
Terms of availability 500.00
035 ## - SYSTEM CONTROL NUMBER
System control number B-356779
037 ## - SOURCE OF ACQUISITION
Source of stock number/acquisition DBAD / PUB आत्माराम एण्ड सन्ज
040 ## - CATALOGING SOURCE
Original cataloging agency DPL
Language of cataloging HN
082 ## - DEWEY DECIMAL CLASSIFICATION NUMBER
Classification number 027.8
100 ## - MAIN ENTRY--PERSONAL NAME
Personal name फ़ार्गो, एल.एफ.
245 ## - TITLE STATEMENT
Title स्कूल-पुस्तकालय के विविध रूपः (सचित्र) /
Statement of responsibility, etc एल.एफ. फ़ार्गो; शशि प्रभा त्रिपाठी द्वारा अनुदित
246 ## - VARYING FORM OF TITLE
Title proper/short title School-pustakaalaya ke vividh rupa : ( sachitra )
Remainder of title L. F. Fargo; translated by Shashi Prabha Tripathy
260 ## - PUBLICATION, DISTRIBUTION, ETC. (IMPRINT)
Place of publication, distribution, etc दिल्ली
Name of publisher, distributor, etc आत्माराम एण्ड संस
Date of publication, distribution, etc 2009
270 ## - ADDRESS
Address 1376, कश्मीरी गेट
City दिल्ली
State or province दिल्ली
Postal code 110006
300 ## - PHYSICAL DESCRIPTION
Extent 472पृ
Dimensions 22 सेमी (सजिल्द)
Other physical details सचित्र
650 ## - SUBJECT ADDED ENTRY--TOPICAL TERM
Topical term or geographic name as entry element स्कूल-पुस्तकालय
Geographic subdivision भारत
650 ## - SUBJECT ADDED ENTRY--TOPICAL TERM
Topical term or geographic name as entry element School libraries
Geographic subdivision India
700 ## - ADDED ENTRY--PERSONAL NAME
Personal name त्रिपाठी, शशिप्रभा
942 ## - ADDED ENTRY ELEMENTS (KOHA)
Institution code [OBSOLETE] dpl
Item type Hindi Books
Source of classification or shelving scheme Dewey Decimal Classification
Call number suffix फ़ार्गोए
Classification part 027.8
Holdings
Withdrawn status Lost status Source of classification or shelving scheme Damaged status Not for loan Home library Current library Date acquired Source of acquisition Cost, normal purchase price Total Checkouts Full call number Barcode Date last seen Copy number Cost, replacement price Koha item type
    Dewey Decimal Classification     Janak Puri Janak Puri 26/08/2009 DBAD / PUB / DUP 500.00 2 027.8 फ़ार्गोए B-356779 07/08/2018 1 500.00 Hindi Books

© Delhi Public Library
Hit Counter
free hit counter